00450nam a2200121Ia 45000010005000000080041000050820017000461000063000632450136001262600024002629010027002869990015003132745241024s9999 xx 000 0 und d aRD/571/R426i aRepública Dominicana. Ministerio de Educación/INAFOCAM 0aInforme de Evaluación Programa de Ciencias de la Naturaleza para educadores - regionales del eje sur de la República Dominicana bSanto Domingoc2012 a15/1/2013 8:51:00 a.m. c8174d8174